Villes hôtes des Jeux olympiques d'été et d'hiver - Statistiques

Statistiques générales
  • Ce quiz a été pris 4 991 fois
    38 depuis la dernière actualisation
  • Le résultat moyen est 37 sur 59
Statistiques - réponses
Année Ville hôte % Correct
1900 (été) Paris (France)
100%
1924 (été) Paris (France)
100%
2024 (été) Paris (France)
100%
1908 (été) Londres (Royaume-Uni)
97%
1948 (été) Londres (Royaume-Uni)
97%
2012 (été) Londres (Royaume-Uni)
97%
1896 (été) Athènes (Grèce)
94%
2004 (été) Athènes (Grèce)
94%
1932 (été) Los Angeles (États-Unis)
94%
1984 (été) Los Angeles (États-Unis)
94%
2028 (été) Los Angeles (États-Unis)
94%
1964 (été) Tokyo (Japon)
94%
2020 (été) Tokyo (Japon)
94%
2016 (été) Rio de Janeiro (Brésil)
91%
2008 (été) Pékin (Chine)
88%
2022 (hiver) Pékin (Chine)
88%
1992 (été) Barcelone (Espagne)
85%
2026 (hiver) Milan (Italie)
85%
1936 (été) Berlin (Allemagne)
82%
2000 (été) Sydney (Australie)
79%
1980 (été) Moscou (Union Soviétique)
76%
1960 (été) Rome (Italie)
76%
1988 (été) Séoul (Corée du Sud)
76%
2006 (hiver) Turin (Italie)
76%
1968 (été) Mexico (Mexique)
73%
2014 (hiver) Sotchi (Russie)
73%
1912 (été) Stockholm (Suède)
73%
1992 (hiver) Albertville (France)
70%
1956 (hiver) Cortina d'Ampezzo (Italie)
70%
2026 (hiver) Cortina d'Ampezzo (Italie)
70%
1972 (été) Munich (Allemagne de l'Ouest)
70%
2010 (hiver) Vancouver (Canada)
70%
1952 (hiver) Oslo (Norvège)
67%
1928 (été) Amsterdam (Pays-Bas)
64%
1952 (été) Helsinki (Finlande)
64%
1996 (été) Atlanta (États-Unis)
61%
1976 (été) Montréal (Canada)
55%
1956 (été) Melbourne (Australie)
52%
2032 (été) Brisbane (Australie)
48%
1968 (hiver) Grenoble (France)
48%
1920 (été) Anvers (Belgique)
42%
1998 (hiver) Nagano (Japon)
42%
2002 (hiver) Salt Lake City (États-Unis)
39%
2038 (hiver) Salt Lake City (États-Unis)
39%
1924 (hiver) Chamonix (France)
36%
1904 (été) Saint-Louis (États-Unis)
36%
1984 (hiver) Sarajevo (Yougoslavie)
33%
1994 (hiver) Lillehammer (Norvège)
30%
1964 (hiver) Innsbruck (Autriche)
24%
1976 (hiver) Innsbruck (Autriche)
24%
2018 (hiver) Pyeongchang (Corée du Sud)
24%
1928 (hiver) Saint-Moritz (Suisse)
24%
1948 (hiver) Saint-Moritz (Suisse)
24%
1988 (hiver) Calgary (Canada)
21%
1932 (hiver) Lake Placid (États-Unis)
21%
1980 (hiver) Lake Placid (États-Unis)
21%
1972 (hiver) Sapporo (Japon)
18%
1936 (hiver) Garmisch-Partenkirchen (Allemagne)
12%
1960 (hiver) Squaw Valley (États-Unis)
9%
Aucun quiz correspondant
Distribution des résultats
% des personnes avec chaque résultat
Percentile par nombre de réponses
Votre historique - résultats
Vous n’avez pas pris ce quiz depuis la dernière actualisation